000 00451nam a2200193Ia 4500
003 OSt
005 20230328151216.0
008 210423s2002 xx 000 0 und d
040 _cAL
041 _aeng
082 _a303.482 HARJ
100 _aHARBORD (Janet).
_979120
245 _aFilm cultures.
260 _bSage Publications
_c2002
300 _aix,182
365 _b1803
_cINR
906 _aculture. ; cultures. ; Film
942 _2ddc
_cBK
999 _c156255
_d156255